| 000 | 01843nam a2200385 c 4500 | ||
|---|---|---|---|
| 003 | BLK | ||
| 005 | 20230802005134.0 | ||
| 008 | 180408b bul|||||r ||||||| ||bul|| | ||
| 010 | _aKNG00090285000 | ||
| 040 | _aBLK | ||
| 041 |
_aBUL _cBUL |
||
| 080 |
_aМузиканти-творци, композитори _b78.071.1 _x(497.2)(092)(0:82-36) _z78.071.1(497.2)(092)(0:82-36) |
||
| 080 |
_aБългарска литература _b821.163.2 _x-36 _z821.163.2-36 |
||
| 080 |
_aБългарски композитор _b929 Владигеров, Панчо Хараланов _x _z929 Владигеров, Панчо Хараланов |
||
| 100 | 1 |
_aКлостерман, Евгени Павлов _eпърви автор _9364162 |
|
| 700 | 1 |
_aПавлов, Евгени _e* _gКлостерман, Евгени Павлов _9364163 |
|
| 139 |
_aПавлов, Евгени _bВ 68 |
||
| 245 | 1 | 0 |
_aАнекдотична Владигеровиада _cЕвгени Павлов Клостерман; * Евгени Павлов. |
| 257 | _aBGR | ||
| 260 |
_аСофия _bИзд. авт. _c2003 _fСофия : печ. Силвия |
||
| 300 |
_a200 с. _bс ил. _c21 см |
||
| 380 | _a7 | ||
| 500 | _aПълното име на авт. Евгени Павлов Клостерман. - Съдържа и Бележки за автора. | ||
| 650 | 4 |
_aВладигеров, Панчо Хараланов _9253261 |
|
| 650 | 4 |
_aКомпозитори, български _9241861 |
|
| 653 | _aПанчо Владигеров | ||
| 653 | _aбългарски композитори | ||
| 653 | _aанекдоти | ||
| 852 | _aЦб 244544 | ||
| 856 | 4 |
_qpdf _u |
|
| 856 | 4 |
_qpdf _u |
|
| 942 |
_cKNG _n0 |
||
| 944 |
_aCR _c29.06.2009 _lCRON CRON _k |
||
| 944 |
_aED _c08.09.2009 _lф / _k |
||
| 999 |
_c85683 _d85683 |
||